Ευρωπαϊκές χώρες σε κενό χάρτη - Statistics

General Stats
  • This quiz has been taken 165 times
  • The average score is 35 of 45
Answers on the Map
Answers color-coded by a green-red scale on the quiz's map according to % correct below.
 
Answer Stats
Χώρες % Correct
Ελλάδα
92%
Γαλλία
89%
Γερμανία
89%
Ισπανία
87%
Ιταλία
87%
Βουλγαρία
86%
Αυστρία
85%
Πορτογαλία
84%
Σουηδία
84%
Ρωσία
83%
Νορβηγία
82%
Πολωνία
82%
Ισλανδία
80%
Σερβία
80%
Βέλγιο
79%
Ουγγαρία
79%
Ουκρανία
79%
Φινλανδία
79%
Μαυροβούνιο
78%
Ρουμανία
78%
Σλοβακία
78%
Τσεχική Δημοκρατία
78%
Αλβανία
77%
Εσθονία
77%
ΒόρειαΜακεδονία
77%
Ολλανδία
76%
Δανία
75%
Σλοβενία
75%
Ελβετία
74%
Ιρλανδία
74%
Κόσοβο
74%
Ανδόρα
72%
Κροατία
72%
Λευκορωσία
72%
Λιθουανία
72%
Βοσνία καιΕρζεγοβίνη
72%
Λετονία
71%
Λουξεμβούργο
70%
Μολδαβία
70%
Άγιος Μαρίνος
69%
Μονακό
69%
Μάλτα
68%
ΗνωμένεςΒασίλειο
68%
Λιχτενστάιν
67%
Βατικανό
67%
No matching quizzes found
Score Distribution
Percent of People with Each Score
Percentile by Number Answered
Your Score History
You have not taken this quiz